书目信息 |
| 题名: |
工程保险
|
|
| 作者: | 王和 著 | |
| 分册: | 下册 工程风险评估理论与实务 | |
| 出版信息: | 北京 中国金融出版社 2005 |
|
| 页数: | 282页 | |
| 开本: | 24cm | |
| 丛书名: | ||
| 单 册: | ||
| 中图分类: | F840.681 , TU712 | |
| 科图分类: | ||
| 主题词: | 建筑工程--jian zhu gong cheng--保险--基本知识 , 建筑工程--jian zhu gong cheng--风险管理--基本知识 , 风险管理--feng xian guan li , 保险--bao xian | |
| 电子资源: | ||
| ISBN: | 7-5049-3837-8 | |
| 000 | 01494nam0 2200385 450 | |
| 000 | 01457nam0 2200373 450 | |
| 000 | 01464nam0 2200385 450 | |
| 000 | 01410nam0 2200361 450 | |
| 000 | 01513nam0 2200385 450 | |
| 000 | 01476nam0 2200373 45 | |
| 001 | 012006000794 | |
| 005 | 20061027160742.53 | |
| 010 | @a7-5049-3837-8@dCNY28.00 | |
| 100 | @a20060603e20062005em y0chiy0121 ea | |
| 101 | 0 | @achi@deng |
| 102 | @aCN@b110000 | |
| 105 | @aak a 000yy | |
| 200 | 1 | @a工程保险@Agong cheng bao xian@h下册@i工程风险评估理论与实务@d= Engineering insurance@f王和著@zeng |
| 210 | @a北京@c中国金融出版社@d2005@h2006重印 | |
| 215 | @a282页@c图@d24cm | |
| 314 | @a王和, 经济学博士、法学硕士、高级经济师, 现任中国人民财产保险股份有限公司执行副总裁, 著有《工程保险》等。 | |
| 320 | @a有书目 (第274-280页) | |
| 330 | @a本书围绕着工程项目的风险管理和典型项目的风险评估展开, 系统介绍了建设项目风险管理的理论和实务, 特别是工程项目的风险评估、跟踪检查等。 | |
| 510 | 1 | @aEngineering insurance@zeng |
| 517 | 1 | @a工程风险评估理论与实务@Agong cheng feng xian ping gu li lun yu shi wu |
| 606 | 0 | @a建筑工程@Ajian zhu gong cheng@x保险@x基本知识 |
| 606 | 0 | @a建筑工程@Ajian zhu gong cheng@x风险管理@x基本知识 |
| 606 | 0 | @a风险管理@Afeng xian guan li |
| 606 | 0 | @a保险@Abao xian |
| 690 | @aF840.681@v4 | |
| 690 | @aTU712@v4 | |
| 701 | 0 | @a王和@Awang he@4著 |
| 801 | 0 | @aCN@c20061027 |
| 905 | @a10447@dF840.681@eW2011 | |
| 工程保险.下册.工程风险评估理论与实务= Engineering insurance/王和著.-北京:中国金融出版社,2005(2006重印) |
| 282页:图;24cm |
| ISBN 7-5049-3837-8:CNY28.00 |
| 本书围绕着工程项目的风险管理和典型项目的风险评估展开, 系统介绍了建设项目风险管理的理论和实务, 特别是工程项目的风险评估、跟踪检查等。 |
| ● |
| 相关链接 |
|
|
|
正题名:工程保险
索取号:F840.681/W2011
 
预约/预借
| 序号 | 登录号 | 条形码 | 馆藏地/架位号 | 状态 | 备注 |
| 1 | 632359 | 206323593 | 管理学院资料室/ [索取号:F840.681/W2011] | 在馆 | |
| 2 | 632360 | 206323600 | 社科库409/422社科库 33排4列4层/ [索取号:F840.681/W2011] | 在馆 |